[Event "Muret Seniors op"]
[Site "Muret"]
[Date "2014.06.28"]
[Round "6"]
[White "Fora, Jean Paul"]
[Black "Lamory, Jacques"]
[Result "1-0"]
[WhiteElo "1532"]
[BlackElo "1200"]
[PlyCount "59"]
[EventDate "2014.06.23"]
[EventType "swiss"]
[EventRounds "6"]
[EventCountry "FRA"]
[SourceTitle "EXT 2015"]
[Source "ChessBase"]
[SourceDate "2014.11.20"]
[SourceVersion "1"]
[SourceVersionDate "2014.11.20"]
[SourceQuality "1"]

1. b4 g6 2. Bb2 Nf6 3. c4 d6 4. d4 Nbd7 5. Nf3 Bg7 6. e3 0-0 7. Be2 b6 8. 0-0 Qe8 9. Nbd2 e5 10. dxe5 dxe5 11. a4 e4 12. Ne1 Qe7 13. Qb3 Rb8 14. Nc2 c5 15. b5 Ra8 16. a5 a6 17. axb6 Nxb6 18. bxa6 Bxa6 19. Ra3 Qd6 20. Rd1 Qc6 21. Rda1 Bb7 22. Qa2 Rfd8 23. Rd1 Na4 24. Ba1 Nc3 25. Bxc3 Ra6 26. Rxa6 Bxa6 27. Qb2 Re8 28. Rb1 Qd6 29. Qb6 Qxd2 30. Bxd2 1-0

[Event "Muret Seniors op"]
[Site "Muret"]
[Date "2014.06.26"]
[Round "4"]
[White "Orlovic, Lucie"]
[Black "Lamory, Jacques"]
[Result "1-0"]
[WhiteElo "1108"]
[BlackElo "1200"]
[PlyCount "91"]
[EventDate "2014.06.23"]
[EventType "swiss"]
[EventRounds "6"]
[EventCountry "FRA"]
[SourceTitle "EXT 2015"]
[Source "ChessBase"]
[SourceDate "2014.11.20"]
[SourceVersion "1"]
[SourceVersionDate "2014.11.20"]
[SourceQuality "1"]

1. e4 g6 2. d4 Bg7 3. Nf3 d6 4. Bd3 Bg4 5. h3 Bxh3 6. gxh3 Nf6 7. Nc3 d5 8. e5 Nh5 9. Be3 h6 10. Qe2 e6 11. 0-0-0 c6 12. a3 b5 13. Rhg1 b4 14. axb4 Bf8 15. b5 Qa5 16. Bd2 Qa1+ 17. Nb1 Ba3 18. bxa3 Kd7 19. c4 cxb5 20. Bc3 bxc4 21. Bxa1 cxd3 22. Qxd3 Rc8+ 23. Nc3 Nc6 24. Nb5 Nb4+ 25. Kb2 Nxd3+ 26. Rxd3 Rab8 27. Rc3 Rxb5+ 28. Rb3 Ra5 29. Ka2 Nf4 30. h4 Rc2+ 31. Rb2 Rc3 32. Rb3 Rc7 33. Rgb1 Rc2+ 34. Bb2 Ne2 35. Ne1 Rc4 36. Nd3 Kc6 37. Nc5 Nxd4 38. Bxd4 Rxd4 39. Nb7 Rda4 40. Rc1+ Kd7 41. Nxa5 Rxa5 42. Rb7+ Kd8 43. Rcc7 Ra6 44. Rxf7 Ke8 45. Rh7 Rb6 46. Rh8# 1-0

[Event "Muret Seniors op"]
[Site "Muret"]
[Date "2014.06.23"]
[Round "1"]
[White "Saunders, Mark A"]
[Black "Lamory, Jacques"]
[Result "1-0"]
[WhiteElo "1759"]
[BlackElo "1200"]
[PlyCount "55"]
[EventDate "2014.06.23"]
[EventType "swiss"]
[EventRounds "6"]
[EventCountry "FRA"]
[SourceTitle "EXT 2015"]
[Source "ChessBase"]
[SourceDate "2014.11.20"]
[SourceVersion "1"]
[SourceVersionDate "2014.11.20"]
[SourceQuality "1"]

1. e4 c5 2. d4 g6 3. Nf3 Bg7 4. Bc4 e6 5. 0-0 Ne7 6. c3 a6 7. dxc5 Nbc6 8. Bf4 b6 9. cxb6 Qxb6 10. Qe2 d6 11. Bxd6 Ra7 12. Na3 Rd7 13. Bxe7 Nxe7 14. Rfd1 0-0 15. Rxd7 Bxd7 16. Bxa6 Ra8 17. Bb5 Bc8 18. Rd1 Bxc3 19. bxc3 Rxa3 20. c4 Nc6 21. Bxc6 Qxc6 22. Rd8+ Kg7 23. Qb2+ f6 24. Qxa3 Kh6 25. Qf8+ Kh5 26. Qg7 Qxc4 27. Qxh7+ Kg4 28. Qh4# 1-0